Vita e Azioni dell´Ingegnoso Cittadino D. Chisciotte della Mancia (Record no. 3170)
[ view plain ]
| 000 -CABECERA | |
|---|---|
| campo de control de longitud fija | 02051nam a2200325 a 4500 |
| 001 - NÚMERO DE CONTROL | |
| campo de control | BRCA_3434 |
| 005 - FECHA Y HORA DE LA ÚLTIMA TRANSACCIÓN | |
| campo de control | 20190320204300.0 |
| 041 ## - CÓDIGO DE LENGUA | |
| Código de lengua del texto/banda sonora o título independiente | ita |
| 044 ## - CÓDIGO DEL PAÍS DE LA ENTIDAD EDITORA/PRODUCTORA | |
| Código MARC del país | it |
| 084 ## - OTRO NÚMERO DE CLASIFICACIÓN | |
| Número de clasificación | 723 |
| Número de documento/Ítem | .Z47 |
| -- | 1755 |
| 100 1# - ENTRADA PRINCIPAL--NOMBRE DE PERSONA | |
| Nombre de persona | Cervantes Saavedra, Miguel de |
| Fechas asociadas al nombre | 1547-1616 |
| 9 (RLIN) | 213 |
| 245 10 - MENCIÓN DE TÍTULO | |
| Título | Vita e Azioni dell´Ingegnoso Cittadino D. Chisciotte della Mancia |
| Mención de responsabilidad, etc. | di Michel di Cervantes Saavedra ; Tradotta dal Spagnolo al Italiano, da Lorenzo Franciosini Fiorentino. |
| 250 ## - MENCIÓN DE EDICIÓN | |
| Mención de edición | 5 |
| 260 ## - PUBLICACIÓN, DISTRIBUCIÓN, ETC. | |
| Lugar de publicación, distribución, etc. | Venecia |
| Nombre del editor, distribuidor, etc. | Appresso Guglielmo Zerletti |
| Fecha de publicación, distribución, etc. | 1755 |
| 300 ## - DESCRIPCIÓN FÍSICA | |
| Extensión | 4 v. |
| Dimensiones | 19 cm. |
| 500 ## - NOTA GENERAL | |
| Nota general | Contenido : v.1. Primera parte. Prefacio de Giambatista Pascuale. Advertencia del traductor. Prólogo del autor. Noticia sobre Cervantes tomada de la vida del mismo escrita por Mayáns. -- v.2. Primera parte. Texto. -- v.3. Primera parte. Final. Texto. -- v.4. Segunda parte. Texto |
| 500 ## - NOTA GENERAL | |
| Nota general | Edición : Quinta edizione diligentemente corretta, migliorata, ed. accresciuta della Vita dell´Autore novellarmente Tradotta; ommessa nelle precedenti edizioni |
| 500 ## - NOTA GENERAL | |
| Nota general | Quinta edición de la versión de Franciosini. Va precedida de un prefacio, escrito por Giambatista Pascuale en el que se dice que se ha corregido el texto. En efecto, en esta edición se han enmendado muchas de las faltas y errores de imprenta de las ediciones anteriores. Contiene, además, una noticia biográfica sobre Cervantes, tomada de la biografía escrita por Mayáns. Edición económica. Impresión y papel malos Lúdovik Osterc |
| 500 ## - NOTA GENERAL | |
| Nota general | Estado físico : Firma en tinta ferrogálica en la portada, encuadernación y papel maltratado |
| 500 ## - NOTA GENERAL | |
| Nota general | QM542 |
| 546 ## - NOTA DE LENGUA/LENGUAJE | |
| Nota de lengua/lenguaje | Texto en : italiano |
| 650 14 - PUNTO DE ACCESO ADICIONAL DE MATERIA--TÉRMINO DE MATERIA | |
| Término de materia o nombre geográfico como elemento de entrada | Novela española |
| Subdivisión cronológica | Época clásica, 1500-1700 |
| 9 (RLIN) | 215 |
| 650 14 - PUNTO DE ACCESO ADICIONAL DE MATERIA--TÉRMINO DE MATERIA | |
| Término de materia o nombre geográfico como elemento de entrada | Literatura española |
| Subdivisión cronológica | Época clásica, 1500-1700 |
| 9 (RLIN) | 216 |
| 650 14 - PUNTO DE ACCESO ADICIONAL DE MATERIA--TÉRMINO DE MATERIA | |
| Término de materia o nombre geográfico como elemento de entrada | Novela española |
| Subdivisión cronológica | Siglo XVII |
| 9 (RLIN) | 217 |
| 650 14 - PUNTO DE ACCESO ADICIONAL DE MATERIA--TÉRMINO DE MATERIA | |
| Término de materia o nombre geográfico como elemento de entrada | Don Quijote (Personaje ficticio) |
| Término indicativo de función/relación | Novela |
| 9 (RLIN) | 218 |
| 700 1# - PUNTO DE ACCESO ADICIONAL--NOMBRE DE PERSONA | |
| Nombre de persona | Franciosini Fiorentino, Lorenzo |
| Término indicativo de función/relación | Traductor |
| 9 (RLIN) | 8994 |
| 740 0# - PUNTO DE ACCESO ADICIONAL--TÍTULO RELACIONADO O ANALÍTICO NO CONTROLADO | |
| Título relacionado o analítico no controlado | El Ingenioso Hidalgo Don Quijote de la Mancha |
| 902 ## - CATALOGADOR | |
| Iniciales | QFM |
| 942 ## - ELEMENTOS DE PUNTO DE ACCESO ADICIONAL (KOHA) | |
| Fuente del sistema de clasificación o colocación | Library of Congress Classification |
| Tipo de ítem Koha | Libros |
| Estado de retiro | Estado de pérdida | Estado dañado | No para préstamo | Localización permanente | Ubicación/localización actual | Fecha de adquisición | Número de inventario | Total de préstamos | Signatura topográfica completa | Código de barras | Fecha visto por última vez | Precio válido a partir de | Tipo de ítem Koha |
|---|---|---|---|---|---|---|---|---|---|---|---|---|---|
| El ejemplar forma parte de la colección y puede ser consultado según las políticas vigentes. | Biblioteca del Museo Franz Mayer (Rogerio Casas-Alatriste) | Biblioteca del Museo Franz Mayer (Rogerio Casas-Alatriste) | 13/04/2009 | QM542 | 723 .Z47 1755 (QM542) | 3431 | 22/03/2019 | 22/03/2019 | Libros |